[Event "AUTO-INT-2800"]
[Site "http://www.queenalice.com/game.php?id=1252423"]
[Date "2014.1.30"]
[Round "1"]
[White "tango2011"]
[Black "MrDJRVD"]
[Result "1-0"]
[WhiteElo "1610"]
[BlackElo "1546"]

1. d4 d5 2. e3 e6 3. Nf3 Nf6 4. Bb5+ Bd7 5. Qd3 a6 6. Ba4 Bxa4 7. b3 Bb5 8. c4
dxc4 9. bxc4 Bd7 10. O-O g6 11. Ba3 Bxa3 12. Qxa3 Nc6 13. Nc3 Ne7 14. d5 1-0

[Event "AUTO-INT-2800"]
[Site "http://www.queenalice.com/game.php?id=1252424"]
[Date "2014.1.30"]
[Round "1"]
[White "MrDJRVD"]
[Black "tango2011"]
[Result "0-1"]
[WhiteElo "1533"]
[BlackElo "1623"]

1. d4 d5 2. c4 dxc4 3. e3 b5 4. Nc3 e6 5. Nxb5 c6 6. Nc3 Ba6 7. Qa4 Bb5 8. Nxb5
cxb5 9. Qxb5+ Nd7 10. Qxc4 Ngf6 11. Nf3 Be7 12. g3 Rc8 13. Qa4 a5 14. Bg2 O-O
0-1

[Event "AUTO-INT-2800"]
[Site "http://www.queenalice.com/game.php?id=1252429"]
[Date "2014.1.30"]
[Round "1"]
[White "Mariojose"]
[Black "MrDJRVD"]
[Result "1-0"]
[WhiteElo "1620"]
[BlackElo "1639"]

1. e4 c5 2. Qh5 Nf6 3. Qf5 d6 4. Qf4 g6 5. e5 dxe5 6. Qc4 b6 7. d3 Bg7 8. h3 O-O
9. Bg5 Nbd7 10. Nd2 Bb7 11. Ngf3 e6 12. Ne4 Qc7 13. Nxf6+ Nxf6 14. O-O-O Bxf3
15. gxf3 Nd5 16. a3 Qc6 17. Bg2 Rac8 18. Bh6 Bxh6+ 19. Kb1 Nf4 20. Bf1 Qxf3 21.
Be2 Qxe2 22. Rdf1 Qf3 23. h4 1-0

[Event "AUTO-INT-2800"]
[Site "http://www.queenalice.com/game.php?id=1252430"]
[Date "2014.1.30"]
[Round "1"]
[White "MrDJRVD"]
[Black "Mariojose"]
[Result "0-1"]
[WhiteElo "1622"]
[BlackElo "1637"]

1. d4 e6 2. c4 Bb4+ 3. Bd2 Bxd2+ 4. Nxd2 Nf6 5. Ngf3 d6 6. g3 O-O 7. Bg2 Na6 8.
O-O h6 9. e3 Nb4 10. a3 Nc6 11. Qc1 Na5 12. b4 Nc6 13. c5 d5 14. Qb2 a6 15. Qc2
Bd7 16. Rfb1 Rc8 17. a4 Ra8 18. b5 axb5 19. axb5 Rxa1 20. Rxa1 Ne7 21. Qb3 c6
22. b6 Ng6 0-1

[Event "AUTO-INT-2802"]
[Site "http://www.queenalice.com/game.php?id=1253772"]
[Date "2014.2.4"]
[Round "1"]
[White "Piotr70"]
[Black "MrDJRVD"]
[Result "1-0"]
[WhiteElo "1645"]
[BlackElo "1487"]

1. e4 c5 2. Nc3 d6 3. Bb5+ Bd7 4. Nf3 Nf6 5. d3 g6 6. Bg5 Bg7 7. Bxf6 Bxf6 8.
Bxd7+ Nxd7 9. O-O O-O 10. g3 Bxc3 11. bxc3 Qa5 12. c4 Rab8 13. Qd2 1-0

[Event "AUTO-INT-2802"]
[Site "http://www.queenalice.com/game.php?id=1253773"]
[Date "2014.2.4"]
[Round "1"]
[White "MrDJRVD"]
[Black "Piotr70"]
[Result "0-1"]
[WhiteElo "1497"]
[BlackElo "1635"]

1. d4 e6 2. c4 Nf6 3. Bg5 Nc6 4. Nf3 Bb4+ 5. Nbd2 Bxd2+ 6. Qxd2 O-O 7. g3 h6 8.
Bxf6 Qxf6 9. Bg2 b6 10. O-O d5 11. cxd5 exd5 12. e3 Bg4 13. Qc3 Bxf3 0-1

[Event "AUTO-INT-2802"]
[Site "http://www.queenalice.com/game.php?id=1253780"]
[Date "2014.2.4"]
[Round "1"]
[White "FoxInSox"]
[Black "MrDJRVD"]
[Result "1-0"]
[WhiteElo "1664"]
[BlackElo "1607"]

1. d4 d5 2. Bg5 Nd7 3. Nf3 Ngf6 4. e3 a6 5. Ne5 g6 6. Nxd7 Nxd7 7. Nd2 Bg7 8. c4
c6 9. c5 O-O 10. Nf3 f6 11. Bf4 e5 12. dxe5 1-0

[Event "AUTO-INT-2802"]
[Site "http://www.queenalice.com/game.php?id=1253781"]
[Date "2014.2.4"]
[Round "1"]
[White "MrDJRVD"]
[Black "FoxInSox"]
[Result "0-1"]
[WhiteElo "1355"]
[BlackElo "1697"]

1. d4 d5 2. c4 Nf6 3. cxd5 Qxd5 4. Nc3 Qd7 5. Nf3 b5 6. g3 Bb7 7. Bg2 Bxf3 8.
Bxf3 b4 9. Bxa8 bxc3 10. bxc3 c6 11. Qb3 Na6 0-1

[Event "AUTO-INT-2803"]
[Site "http://www.queenalice.com/game.php?id=1254375"]
[Date "2014.2.7"]
[Round "1"]
[White "NickThorp"]
[Black "MrDJRVD"]
[Result "1-0"]
[WhiteElo "1715"]
[BlackElo "1578"]

1. e4 c5 2. Nf3 d6 3. d4 cxd4 4. Qxd4 Nc6 5. Qc3 Nf6 6. Bd3 g6 7. Bg5 Bg7 8. h3
O-O 9. O-O Nd7 10. Qb3 b6 11. Nc3 1-0

[Event "AUTO-INT-2803"]
[Site "http://www.queenalice.com/game.php?id=1254376"]
[Date "2014.2.7"]
[Round "1"]
[White "MrDJRVD"]
[Black "NickThorp"]
[Result "0-1"]
[WhiteElo "1589"]
[BlackElo "1704"]

1. d4 d5 2. c4 dxc4 3. e3 e6 4. Bxc4 Nf6 5. Nf3 Bb4+ 6. Bd2 Bxd2+ 7. Nbxd2 O-O
8. O-O Nc6 9. b3 a6 10. Qc2 Nb4 11. Qc3 a5 0-1

[Event "AUTO-INT-2803"]
[Site "http://www.queenalice.com/game.php?id=1254383"]
[Date "2014.2.7"]
[Round "1"]
[White "Ruusgugg"]
[Black "MrDJRVD"]
[Result "1-0"]
[WhiteElo "1383"]
[BlackElo "1410"]

1. d4 d5 2. Nc3 e6 3. e4 dxe4 4. Nxe4 g6 5. b3 Bg7 6. c3 Nf6 7. Nxf6+ Bxf6 8.
Qd3 O-O 9. Qh3 Bg7 10. Bf4 Nd7 11. b4 b6 12. g4 f5 13. Be2 Bb7 14. Nf3 Be4 15.
Bg5 Bf6 16. Bh6 Rf7 17. g5 Bg7 18. Bc4 Re7 19. O-O Nf8 20. Nd2 Bd5 21. Bd3 Rf7
22. c4 1-0

[Event "AUTO-INT-2803"]
[Site "http://www.queenalice.com/game.php?id=1254384"]
[Date "2014.2.7"]
[Round "1"]
[White "MrDJRVD"]
[Black "Ruusgugg"]
[Result "0-1"]
[WhiteElo "1700"]
[BlackElo "1359"]

1. d4 d5 2. c4 e6 3. cxd5 exd5 4. Nf3 c5 5. dxc5 Bxc5 6. g3 Nf6 7. Bg2 Ng4 8.
O-O Qd6 9. e3 a5 10. Nc3 f5 11. Qxd5 Qh6 12. Qxc5 Bd7 13. Ne5 Qxh2# 0-1

[Event "Challenge"]
[Site "http://www.queenalice.com/game.php?id=1257253"]
[Date "2014.2.16"]
[Round "-"]
[White "gsthck"]
[Black "MrDJRVD"]
[Result "1-0"]
[WhiteElo "1845"]
[BlackElo "1351"]

1. d4 d5 2. Nf3 e6 3. g3 Nf6 4. Bg2 g6 5. O-O Bg7 6. c3 O-O 7. Bg5 Nbd7 8. Nbd2
c5 9. e3 cxd4 10. exd4 Qc7 11. Rc1 1-0